[Event "IECG TG.2006.0.15684 email"]
[Site "IECG email"]
[Date "2006.??.??"]
[Round "1"]
[White "Lombaard, Andre"]
[Black "Engelhardt, Thomas"]
[Result "1/2-1/2"]
[WhiteElo "800"]
[BlackElo "800"]
[PlyCount "41"]
[EventDate "2006.11.15"]
[EventType "tourn (corr)"]
[EventRounds "6"]
[SourceTitle "Corr 2011"]
[Source "ChessBase"]
[SourceDate "2010.08.31"]
[SourceVersion "1"]
[SourceVersionDate "2010.08.31"]
[SourceQuality "1"]

1. d4 d5 2. c4 dxc4 3. Nf3 Nf6 4. e3 b5 5. a4 Bd7 6. axb5 Bxb5 7. Nc3 c6 8. b3 cxb3 9. Nxb5 cxb5 10. Bxb5+ Nbd7 11. Qxb3 e6 12. 0-0 Rb8 13. Qa4 Be7 14. Bxd7+ Qxd7 15. Qxa7 Qxa7 16. Rxa7 Bd6 17. Ba3 Bxa3 18. Rxa3 0-0 19. Ne5 Ra8 20. Rxa8 Rxa8 21. f3 1/2-1/2